Catálogo
 En Linea

El arte catalán / (Registro nro. 34551)

Detalles MARC
000 -CABECERA
campo de control de longitud fija 00795nam a2200217 a 4500
001 - NÚMERO DE CONTROL
campo de control 000035060
005 - FECHA Y HORA DE LA ÚLTIMA TRANSACCIÓN
campo de control 20200930074058.0
008 - DATOS DE LONGITUD FIJA--INFORMACIÓN GENERAL
campo de control de longitud fija 111024s1988 sp a 000 0 spa d
020 ## - NÚMERO INTERNACIONAL ESTÁNDAR DEL LIBRO
Número Internacional Estándar del Libro 8420645168
040 ## - FUENTE DE LA CATALOGACIÓN
Centro catalogador/agencia de origen DO-SdBNP
Lengua de catalogación spa
Centro/agencia transcriptor BNPHU
082 ## - NÚMERO DE LA CLASIFICACIÓN DECIMAL DEWEY
Número de clasificación 709.467
Número de documento/Ítem C578a
100 1# - ENTRADA PRINCIPAL--NOMBRE DE PERSONA
Nombre de persona Cirici-Pellicer, Alexandre
9 (RLIN) 60700
245 13 - MENCIÓN DE TÍTULO
Título El arte catalán /
Mención de responsabilidad, etc. Alexandre Cirici-Pellicer.
260 ## - PUBLICACIÓN, DISTRIBUCIÓN, ETC.
Lugar de publicación, distribución, etc. Barcelona :
Nombre del editor, distribuidor, etc. Alianza Editorial :
-- Enciclopèdia Catalan,
Fecha de publicación, distribución, etc. 1988.
300 ## - DESCRIPCIÓN FÍSICA
Extensión 404 p. :
Otras características físicas il. ;
Dimensiones 22 cm.
490 1# - MENCIÓN DE SERIE
Mención de serie Biblioteca de cultura catalana
Designación de volumen o secuencia 16
590 ## - NOTA LOCAL (RLIN)
Nota local Perteneció a la biblioteca personal de Juan Isidro Jimenes Grullón
650 #4 - PUNTO DE ACCESO ADICIONAL DE MATERIA--TÉRMINO DE MATERIA
Término de materia o nombre geográfico como elemento de entrada Arte
Subdivisión geográfica Cataluña (España{Rpara}
Subdivisión general Historia
9 (RLIN) 60701
830 #0 - PUNTO DE ACCESO ADICIONAL DE SERIE-TÍTULO UNIFORME
Título uniforme Biblioteca de cultura catalana
Designación de volumen o secuencia 16
9 (RLIN) 60702
910 ## - DATOS DE OPCIÓN DEL USUARIO (OCLC)
Datos de opción del usuario Validado. Control de calidad MFF
Existencias
Estado de retiro Estado de pérdida Restricciones de uso No para préstamo Código de colección Localización permanente Ubicación/localización actual Ubicación en estantería Fecha de adquisición Número de inventario Total de préstamos Signatura topográfica completa Código de barras Fecha visto por última vez Precio válido a partir de Tipo de ítem Koha Nota pública Número de copia
      Excluido de préstamo Monografías: Libros y Folletos General General Depósito 24.10.2011 LF1   709.467 C578a 35060-10 25.06.2020 25.06.2020 No se presta Perteneció a la biblioteca personal de Juan Isidro Jimenes -Grullón  
      Excluido de préstamo Monografías: Libros y Folletos General General Depósito 19.03.2014 LF1   709.467 C578a 35060-20 25.06.2020 25.06.2020 No se presta   e. 2

Con tecnología Koha